[Event "CZE-chT1W 1617"]
[Site "Czech Republic"]
[Date "2017.01.22"]
[Round "6.3"]
[White "Blazek, Jiri"]
[Black "Bujnoch, Radek"]
[Result "1/2-1/2"]
[WhiteElo "2182"]
[BlackElo "2271"]
[PlyCount "34"]
[EventDate "2016.10.16"]
[EventType "team-tourn"]
[EventRounds "11"]
[EventCountry "CZE"]
[SourceTitle "CBM 177 Extra"]
[Source "ChessBase"]
[SourceDate "2017.04.27"]
[SourceVersion "1"]
[SourceVersionDate "2017.04.27"]
[SourceQuality "1"]
[WhiteTeam "Ceske Budejovice"]
[BlackTeam "Polabiny"]
[WhiteTeamCountry "CZE"]
[BlackTeamCountry "CZE"]

1. d4 d5 2. c4 c6 3. Nf3 Nf6 4. Nc3 e6 5. Bg5 dxc4 6. e4 b5 7. e5 h6 8. Bh4 g5 9. Nxg5 hxg5 10. Bxg5 Nbd7 11. exf6 Bb7 12. g3 Qc7 13. Bg2 c5 14. d5 b4 15. d6 Qb6 16. Ne4 0-0-0 17. 0-0 Bd5 1/2-1/2

[Event "CZE-chT2C 1516"]
[Site "Czech Republic"]
[Date "2015.11.22"]
[Round "3.4"]
[White "Blazek, Jiri"]
[Black "Petr, Jan"]
[Result "1/2-1/2"]
[WhiteElo "2182"]
[BlackElo "2195"]
[PlyCount "47"]
[EventDate "2015.10.18"]
[EventType "team-tourn"]
[EventRounds "11"]
[EventCountry "CZE"]
[SourceTitle "EXT 2022"]
[Source "ChessBase"]
[SourceDate "2021.10.06"]
[SourceVersion "1"]
[SourceVersionDate "2021.10.06"]
[SourceQuality "1"]
[WhiteTeam "Tabor"]
[BlackTeam "Pankrac II"]
[WhiteTeamCountry "CZE"]
[BlackTeamCountry "CZE"]

1. d4 Nf6 2. c4 c5 3. d5 b5 4. cxb5 a6 5. bxa6 e6 6. Nc3 Nxd5 7. Nxd5 exd5 8. Qxd5 Nc6 9. e4 Be7 10. Nf3 Bxa6 11. Bd2 Qb6 12. Bc3 0-0 13. a3 Bb5 14. Bxb5 Qxb5 15. Rd1 Bf6 16. e5 Rfe8 17. Kd2 Bd8 18. Rhe1 Ba5 19. b4 Bb6 20. Rb1 Rxa3 21. bxc5 Qxc5 22. Qxc5 Bxc5 23. Re2 d6 24. Ra1 1/2-1/2

[Event "CZE-chT1W 1415"]
[Site "Czech Republic"]
[Date "2015.03.01"]
[Round "9.7"]
[White "Forman, Stepan"]
[Black "Blazek, Jiri"]
[Result "1-0"]
[WhiteElo "2272"]
[BlackElo "2182"]
[PlyCount "83"]
[EventDate "2014.10.19"]
[EventType "team-tourn"]
[EventRounds "11"]
[EventCountry "CZE"]
[SourceTitle "EXT 2016"]
[Source "ChessBase"]
[SourceDate "2015.10.08"]
[SourceVersion "1"]
[SourceVersionDate "2015.10.08"]
[SourceQuality "1"]
[WhiteTeam "Jicin"]
[BlackTeam "Ceske Budejovice"]
[WhiteTeamCountry "CZE"]
[BlackTeamCountry "CZE"]

1. d4 Nf6 2. c4 c5 3. d5 e6 4. Nc3 exd5 5. cxd5 d6 6. Nf3 g6 7. Bf4 a6 8. a4 Bg7 9. e4 0-0 10. Be2 Bg4 11. 0-0 Bxf3 12. Bxf3 Re8 13. Re1 Qc7 14. e5 dxe5 15. d6 Qd7 16. Bxe5 Nc6 17. Bxc6 Qxc6 18. Qd3 Re6 19. Bg3 Rae8 20. Red1 c4 21. Qf3 Qxf3 22. gxf3 Nd7 23. a5 f5 24. Ra4 g5 25. f4 Bxc3 26. bxc3 gxf4 27. Bxf4 Re4 28. Be3 f4 29. Bd4 f3 30. h3 R8e6 31. Kh2 Rxd6 32. Rg1+ Rg6 33. Rxg6+ hxg6 34. Rxc4 Ne5 35. Rc8+ Kf7 36. Rc7+ Ke8 37. Rxb7 Nc6 38. Rb6 Nxa5 39. Kg3 Kf7 40. Rf6+ Ke7 41. Rxa6 Nb3 42. Kxf3 1-0

[Event "CZE-chT1W 1314"]
[Site "Czech Republic"]
[Date "2014.03.16"]
[Round "9.7"]
[White "Blazek, Jiri"]
[Black "Fric, Pavel"]
[Result "1/2-1/2"]
[WhiteElo "2171"]
[BlackElo "2031"]
[PlyCount "114"]
[EventDate "2013.10.20"]
[EventType "team-tourn"]
[EventRounds "11"]
[EventCountry "CZE"]
[SourceTitle "EXT 2015"]
[Source "ChessBase"]
[SourceDate "2014.11.20"]
[SourceVersion "1"]
[SourceVersionDate "2014.11.20"]
[SourceQuality "1"]
[WhiteTeam "Ceske Budejovice"]
[BlackTeam "Karlovy Vary"]
[WhiteTeamCountry "CZE"]
[BlackTeamCountry "CZE"]

1. d4 d5 2. c4 e5 3. dxe5 d4 4. Nf3 Nc6 5. g3 Bf5 6. Bg2 Qd7 7. 0-0 0-0-0 8. a3 h5 9. h4 Be7 10. Bf4 Nh6 11. b4 f6 12. Qa4 Kb8 13. b5 Nxe5 14. Nxd4 Qxd4 15. Be3 Qxc4 16. Qxa7+ Kc8 17. Qxb7+ Kd7 18. Rc1 Rb8 19. Bc6+ Ke6 20. Qxc7 Bd6 21. Qxg7 Qg4 22. Bxh6 Qxg7 23. Bxg7 Rh7 24. Bxf6 Kxf6 25. Nc3 Nxc6 26. bxc6 Bc8 27. e3 Ke6 28. Ne4 Rc7 29. Rc2 Rb6 30. Nxd6 Kxd6 31. Rd1+ Ke7 32. Rdc1 Bg4 33. Kg2 Bf5 34. Rc4 Be6 35. Rc5 Kd6 36. Rxh5 Rcxc6 37. Rxc6+ Rxc6 38. e4 Rc3 39. Ra5 Bg4 40. e5+ Ke6 41. Kh2 Rc2 42. Kg2 Rc3 43. Kh2 Rc2 44. Kg2 Rc3 45. Ra4 Bf3+ 46. Kh3 Rc2 47. g4 Bc6 48. Rf4 Rc3+ 49. Kh2 Kxe5 50. Rf5+ Ke4 51. Rf6 Bd7 52. g5 Rxa3 53. Kg2 Bh3+ 54. Kh2 Bf5 55. Kg2 Bh3+ 56. Kh2 Bf5 57. Kg2 Bh3+ 1/2-1/2

[Event "CZE-chT2C 1314"]
[Site "Czech Republic"]
[Date "2014.02.16"]
[Round "8.3"]
[White "Blazek, Jiri"]
[Black "Bauma, Jiri"]
[Result "1-0"]
[WhiteElo "2171"]
[BlackElo "2246"]
[PlyCount "49"]
[EventDate "2013.11.03"]
[EventType "team-tourn"]
[EventRounds "11"]
[EventCountry "CZE"]
[SourceTitle "EXT 2015"]
[Source "ChessBase"]
[SourceDate "2014.11.20"]
[SourceVersion "1"]
[SourceVersionDate "2014.11.20"]
[SourceQuality "1"]
[WhiteTeam "Tabor"]
[BlackTeam "Praha Dukla"]
[WhiteTeamCountry "CZE"]
[BlackTeamCountry "CZE"]

1. d4 d6 2. c4 Nd7 3. Nc3 g6 4. e4 Bg7 5. Nf3 e5 6. d5 Ne7 7. g4 a5 8. Rg1 Nc5 9. Be2 c6 10. h4 h5 11. gxh5 Rxh5 12. Bg5 f6 13. Be3 cxd5 14. cxd5 b6 15. Bxc5 bxc5 16. Nxe5 Rxe5 17. f4 Nxd5 18. fxe5 Nxc3 19. bxc3 f5 20. Qd5 Qxh4+ 21. Kd1 Qxe4 22. Bb5+ Bd7 23. Qe6+ Kf8 24. Qxd6+ Kg8 25. Qxd7 1-0

[Event "CZE-chT2C 1314"]
[Site "Czech Republic"]
[Date "2014.01.19"]
[Round "6.3"]
[White "Blazek, Jiri"]
[Black "Sturz, Ota"]
[Result "0-1"]
[WhiteElo "2171"]
[BlackElo "2176"]
[PlyCount "56"]
[EventDate "2013.11.03"]
[EventType "team-tourn"]
[EventRounds "11"]
[EventCountry "CZE"]
[SourceTitle "EXT 2015"]
[Source "ChessBase"]
[SourceDate "2014.11.20"]
[SourceVersion "1"]
[SourceVersionDate "2014.11.20"]
[SourceQuality "1"]
[WhiteTeam "Tabor"]
[BlackTeam "Vysehrad III"]
[WhiteTeamCountry "CZE"]
[BlackTeamCountry "CZE"]

1. d4 f5 2. c4 Nf6 3. Nc3 e6 4. g3 d5 5. Bg2 c6 6. Nf3 Nbd7 7. Qd3 b6 8. cxd5 cxd5 9. 0-0 Ne4 10. Bf4 Bd6 11. Rfc1 Bxf4 12. gxf4 0-0 13. Nb5 Ba6 14. Rc6 Nb8 15. Rc2 Qd7 16. a4 Nc6 17. Qa3 Rfc8 18. Bf1 Bxb5 19. axb5 Na5 20. Ne5 Qd6 21. Rxc8+ Rxc8 22. b4 Nc4 23. Qxa7 Nxe5 24. fxe5 Qd8 25. Qb7 Qg5+ 26. Bg2 Rc1+ 27. Rxc1 Qxc1+ 28. Bf1 Nd2 0-1

[Event "CZE-chT2C 1314"]
[Site "Czech Republic"]
[Date "2013.11.03"]
[Round "1.3"]
[White "Blazek, Jiri"]
[Black "Pokrupa, Marek"]
[Result "1/2-1/2"]
[WhiteElo "2171"]
[BlackElo "2183"]
[PlyCount "41"]
[EventDate "2013.11.03"]
[EventType "team-tourn"]
[EventRounds "11"]
[EventCountry "CZE"]
[SourceTitle "EXT 2015"]
[Source "ChessBase"]
[SourceDate "2014.11.20"]
[SourceVersion "1"]
[SourceVersionDate "2014.11.20"]
[SourceQuality "1"]
[WhiteTeam "Tabor"]
[BlackTeam "Jihlava Gordic"]
[WhiteTeamCountry "CZE"]
[BlackTeamCountry "CZE"]

1. d4 d6 2. c4 Nf6 3. Nc3 e5 4. d5 a5 5. e4 Na6 6. Bd3 Be7 7. Nge2 0-0 8. f3 Nh5 9. g4 Bh4+ 10. Kf1 Qf6 11. Kg2 Nf4+ 12. Nxf4 exf4 13. Rf1 Nc5 14. Bc2 h5 15. h3 Bd7 16. Ne2 Bg5 17. Qd4 Qh6 18. Rh1 Rfe8 19. Qf2 hxg4 20. hxg4 Qf6 21. Rb1 1/2-1/2

[Event "CZE-chT2C 1213"]
[Site "Czech Republic"]
[Date "2013.02.03"]
[Round "8.1"]
[White "Blazek, Jiri"]
[Black "Seidl, Stepan"]
[Result "1/2-1/2"]
[WhiteElo "2212"]
[BlackElo "2185"]
[PlyCount "67"]
[EventDate "2012.10.14"]
[EventType "team-tourn"]
[EventRounds "11"]
[EventCountry "CZE"]
[SourceTitle "EXT 2015"]
[Source "ChessBase"]
[SourceDate "2014.11.20"]
[SourceVersion "1"]
[SourceVersionDate "2014.11.20"]
[SourceQuality "1"]
[WhiteTeam "Tabor"]
[BlackTeam "Jihlava Gambit"]
[WhiteTeamCountry "CZE"]
[BlackTeamCountry "CZE"]

1. d4 Nf6 2. c4 g6 3. Nc3 d5 4. cxd5 Nxd5 5. e4 Nxc3 6. bxc3 Bg7 7. Bc4 0-0 8. Ne2 c5 9. Be3 Nc6 10. 0-0 Bd7 11. Qd2 Rc8 12. Rac1 Qa5 13. d5 Ne5 14. Bb3 Qa6 15. Rfd1 Bg4 16. c4 b5 17. h3 bxc4 18. hxg4 cxb3 19. axb3 Nxg4 20. Bxc5 Rxc5 21. Rxc5 Qd6 22. Rc4 Qh2+ 23. Kf1 Qh1+ 24. Ng1 Nh2+ 25. Ke2 Qxg2 26. Qf4 g5 27. Qg3 Qxg3 28. fxg3 Be5 29. Nf3 Nxf3 30. Kxf3 Rb8 31. b4 Kg7 32. g4 Rb5 33. Rb1 a5 34. Rc5 1/2-1/2

[Event "CZE-chT1W 1213"]
[Site "Czech Republic"]
[Date "2013.01.27"]
[Round "6.3"]
[White "Blazek, Jiri"]
[Black "Sergeev, Vladimir"]
[Result "0-1"]
[WhiteElo "2212"]
[BlackElo "2475"]
[PlyCount "120"]
[EventDate "2012.10.28"]
[EventType "team-tourn"]
[EventRounds "11"]
[EventCountry "CZE"]
[SourceTitle "EXT 2014"]
[Source "ChessBase"]
[SourceDate "2013.11.20"]
[SourceVersion "1"]
[SourceVersionDate "2013.11.20"]
[SourceQuality "1"]
[WhiteTeam "Ceske Budejovice"]
[BlackTeam "Lysa nad Labem II"]
[WhiteTeamCountry "CZE"]
[BlackTeamCountry "CZE"]

1. d4 d6 2. c4 g6 3. Nc3 Bg7 4. e4 Nf6 5. h3 0-0 6. Nf3 e5 7. d5 a5 8. Bg5 Na6 9. Be2 Qe8 10. g4 Nc5 11. Nd2 Bd7 12. h4 c6 13. a4 Qc8 14. f3 Qc7 15. h5 Rac8 16. Kf1 h6 17. Be3 gxh5 18. g5 hxg5 19. Bxg5 Nh7 20. Be3 f5 21. Bxc5 dxc5 22. Rxh5 Qd6 23. Kf2 Qg6 24. Qh1 Nf6 25. Rh4 Qg5 26. Rd1 Kf7 27. dxc6 Bxc6 28. exf5 Rh8 29. Rxh8 Rxh8 30. Qg1 Qxf5 31. Bd3 Qxd3 32. Nde4 Nxe4+ 33. Nxe4 Qc2+ 34. Rd2 Bxe4 35. Rxc2 Bxc2 36. Qg4 Rd8 37. Qh3 Bg6 38. Ke2 Bf6 39. Qg4 b6 40. Ke3 Rd4 41. b3 Rd3+ 42. Ke2 Rxb3 43. Qd7+ Kg8 44. Qe6+ Kg7 45. Qd7+ Kh6 46. Qe6 Rb2+ 47. Kd1 Bg7 48. Qh3+ Bh5 49. Qe6+ Kg5 50. Qc6 Rb3 51. Kc2 Rb4 52. Qd5 Rxa4 53. Qd8+ Bf6 54. Qxb6 Rxc4+ 55. Kd3 Rd4+ 56. Ke3 Rf4 57. Qxc5 a4 58. Qc8 Rxf3+ 59. Kd2 a3 60. Qa8 a2 0-1

[Event "CZE-chT2C 1213"]
[Site "Czech Republic"]
[Date "2013.01.20"]
[Round "7.1"]
[White "Karasek, Lukas"]
[Black "Blazek, Jiri"]
[Result "1-0"]
[WhiteElo "2190"]
[BlackElo "2212"]
[PlyCount "51"]
[EventDate "2012.10.14"]
[EventType "team-tourn"]
[EventRounds "11"]
[EventCountry "CZE"]
[SourceTitle "EXT 2015"]
[Source "ChessBase"]
[SourceDate "2014.11.20"]
[SourceVersion "1"]
[SourceVersionDate "2014.11.20"]
[SourceQuality "1"]
[WhiteTeam "Kutna Hora"]
[BlackTeam "Tabor"]
[WhiteTeamCountry "CZE"]
[BlackTeamCountry "CZE"]

1. e4 c5 2. Nf3 d6 3. d4 cxd4 4. Nxd4 Nf6 5. Nc3 a6 6. Be2 e6 7. 0-0 Qc7 8. f4 Be7 9. Bf3 Nc6 10. Be3 0-0 11. a4 Re8 12. Kh1 Rb8 13. g4 Nxd4 14. Bxd4 e5 15. fxe5 dxe5 16. Ba7 Ra8 17. g5 Rd8 18. Qe2 Rxa7 19. gxf6 Bxf6 20. Nd5 Qc6 21. Nxf6+ Qxf6 22. Bh5 Qh6 23. Bxf7+ Kh8 24. Rad1 Bd7 25. Qf2 Raa8 26. Rxd7 1-0

[Event "CZE-chT1W 1213"]
[Site "Czech Republic"]
[Date "2013.01.13"]
[Round "5.4"]
[White "Blazek, Jiri"]
[Black "Matras, Ondrej"]
[Result "1/2-1/2"]
[WhiteElo "2212"]
[BlackElo "2260"]
[PlyCount "87"]
[EventDate "2012.10.28"]
[EventType "team-tourn"]
[EventRounds "11"]
[EventCountry "CZE"]
[SourceTitle "EXT 2014"]
[Source "ChessBase"]
[SourceDate "2013.11.20"]
[SourceVersion "1"]
[SourceVersionDate "2013.11.20"]
[SourceQuality "1"]
[WhiteTeam "Ceske Budejovice"]
[BlackTeam "Praha Sokol"]
[WhiteTeamCountry "CZE"]
[BlackTeamCountry "CZE"]

1. d4 Nf6 2. c4 g6 3. Nc3 Bg7 4. e4 d6 5. h3 0-0 6. Nf3 e5 7. d5 Na6 8. Bg5 c5 9. Qd2 Nc7 10. Be2 Bd7 11. a3 a6 12. b4 b6 13. Rb1 Qe7 14. 0-0 Rfb8 15. bxc5 bxc5 16. Rb2 Qd8 17. Rfb1 Nce8 18. Bd1 Qc7 19. Qc1 Bf8 20. Nd2 Be7 21. f4 exf4 22. Bxf4 Ng7 23. Bh2 Be8 24. Na4 Nd7 25. Bg4 Rxb2 26. Qxb2 Rb8 27. Qc2 Bf6 28. Rxb8 Qxb8 29. Bxd7 Bxd7 30. e5 Bg5 31. Nf1 Nf5 32. exd6 Ne3 33. Nxe3 Bxe3+ 34. Kf1 Qd8 35. Bg3 Bd4 36. Qb3 Qf6+ 37. Ke2 Qg5 38. Nb6 Bf5 39. d7 Qe7+ 40. Kd1 Bxd7 41. Nxd7 Qxd7 42. Qb8+ Kg7 43. Bd6 h5 44. Be5+ 1/2-1/2

[Event "CZE-chT2A 1112"]
[Site "Czech Republic"]
[Date "2012.03.04"]
[Round "9.1"]
[White "Fajman, Petr"]
[Black "Blazek, Jiri"]
[Result "1/2-1/2"]
[WhiteElo "2269"]
[BlackElo "2216"]
[PlyCount "48"]
[EventDate "2011.10.09"]
[EventType "team-tourn"]
[EventRounds "11"]
[EventCountry "CZE"]
[SourceTitle "EXT 2013"]
[Source "ChessBase"]
[SourceDate "2012.11.22"]
[SourceVersion "1"]
[SourceVersionDate "2012.11.22"]
[SourceQuality "1"]
[WhiteTeam "Praha Dukla"]
[BlackTeam "Tabor Sokol"]
[WhiteTeamCountry "CZE"]
[BlackTeamCountry "CZE"]

1. d4 Nf6 2. c4 c5 3. d5 e6 4. Nc3 exd5 5. cxd5 d6 6. e4 g6 7. f3 Bg7 8. Bg5 0-0 9. Nge2 Qb6 10. Qd2 Nbd7 11. Ng3 h5 12. Be2 Nh7 13. Be3 h4 14. Nf1 a6 15. Bf2 Qd8 16. a4 Ne5 17. Ne3 Qf6 18. h3 Bh6 19. Qc2 Bf4 20. Ng4 Qg5 21. Nxe5 Bxe5 22. Kf1 f5 23. Bd3 Nf6 24. Qc1 f4 1/2-1/2

[Event "CZE-chT2A 1112"]
[Site "Czech Republic"]
[Date "2012.01.22"]
[Round "6"]
[White "Kourousis, Epaminondas"]
[Black "Blazek, Jiri"]
[Result "1/2-1/2"]
[WhiteElo "2277"]
[BlackElo "2216"]
[PlyCount "74"]
[EventDate "2011.10.09"]
[EventType "team-tourn"]
[EventRounds "11"]
[EventCountry "CZE"]
[SourceTitle "EXT 2013"]
[Source "ChessBase"]
[SourceDate "2012.11.22"]
[SourceVersion "1"]
[SourceVersionDate "2012.11.22"]
[SourceQuality "1"]
[WhiteTeam "Plzen Letna"]
[BlackTeam "Tabor Sokol"]
[WhiteTeamCountry "CZE"]
[BlackTeamCountry "CZE"]

1. d4 Nf6 2. c4 c5 3. d5 e6 4. Nc3 exd5 5. cxd5 d6 6. Nf3 g6 7. e4 Bg7 8. h3 0-0 9. Bd3 b5 10. Bxb5 Nxe4 11. Nxe4 Qa5+ 12. Nfd2 Qxb5 13. Nxd6 Qa6 14. N2c4 Nd7 15. 0-0 Ne5 16. Nxe5 Qxd6 17. Nc4 Qa6 18. Ne3 Bb7 19. Bd2 Bxb2 20. Rb1 Bd4 21. Qb3 Rab8 22. Rfd1 Qd6 23. Qa3 Bxd5 24. Rxb8 Rxb8 25. Nxd5 Qxd5 26. Be3 Rb7 27. Qa6 Rd7 28. Qc8+ Kg7 29. Re1 h5 30. h4 Qf5 31. Bxd4+ cxd4 32. Re8 d3 33. Rg8+ Kf6 34. Qc6+ Ke7 35. Qc8 d2 36. Re8+ Kd6 37. Qb8+ Kd5 1/2-1/2

[Event "CZE-chT2A 1011"]
[Site "Czech Republic"]
[Date "2011.03.06"]
[Round "9"]
[White "Blazek, Jiri"]
[Black "Kriz, Lubos"]
[Result "0-1"]
[WhiteElo "2239"]
[BlackElo "2207"]
[PlyCount "106"]
[EventDate "2010.10.17"]
[EventType "team-tourn"]
[EventRounds "11"]
[EventCountry "CZE"]
[SourceTitle "EXT 2012"]
[Source "ChessBase"]
[SourceDate "2011.11.24"]
[SourceVersion "1"]
[SourceVersionDate "2011.11.24"]
[SourceQuality "1"]
[WhiteTeam "Tabor"]
[BlackTeam "HerNyr"]
[WhiteTeamCountry "CZE"]
[BlackTeamCountry "CZE"]

1. d4 d5 2. c4 c6 3. Nf3 Nf6 4. Nc3 h6 5. Bf4 Nh5 6. Be5 e6 7. e4 dxc4 8. Bxc4 Nd7 9. d5 Nxe5 10. Nxe5 Qg5 11. Nf3 Qg6 12. dxc6 Bb4 13. Qc2 Bxc3+ 14. bxc3 Qxg2 15. Rg1 Qxf3 16. Be2 Qf6 17. cxb7 Bxb7 18. Qa4+ Kf8 19. Qb4+ Qe7 20. Qxe7+ Kxe7 21. Bxh5 g6 22. Bf3 Rac8 23. Rb1 Ba8 24. Rb3 Rhd8 25. Rg3 Rc4 26. e5 Rc5 27. Ra3 Rxe5+ 28. Kf1 a5 29. Be2 Rd2 30. Re3 Rc5 31. Ke1 Rd7 32. c4 f5 33. Reb3 Bc6 34. Rb8 Rb7 35. Rc8 Rb2 36. f4 Rxe2+ 37. Kxe2 Bf3+ 38. Kxf3 Rxc8 39. Ra4 g5 40. Ke3 gxf4+ 41. Kxf4 Rc5 42. Kf3 Kf6 43. Kf2 f4 44. Ra3 e5 45. Kf3 Kf5 46. Kf2 e4 47. Ke2 Ke5 48. Rh3 Rxc4 49. Rh5+ Kd4 50. Rxa5 f3+ 51. Kf2 Rc2+ 52. Ke1 e3 53. Ra4+ Rc4 0-1

[Event "CZE-chT1W 1011"]
[Site "Czech Republic"]
[Date "2011.01.30"]
[Round "7.6"]
[White "Blazek, Jiri"]
[Black "Rehorek, Martin"]
[Result "0-1"]
[WhiteElo "2239"]
[BlackElo "2280"]
[PlyCount "56"]
[EventDate "2010.10.10"]
[EventType "team-tourn"]
[EventRounds "11"]
[EventCountry "CZE"]
[SourceTitle "EXT 2012"]
[Source "ChessBase"]
[SourceDate "2011.11.24"]
[SourceVersion "1"]
[SourceVersionDate "2011.11.24"]
[SourceQuality "1"]
[WhiteTeam "Ceske Budejovice"]
[BlackTeam "Postovni Sporitelna"]
[WhiteTeamCountry "CZE"]
[BlackTeamCountry "CZE"]

1. d4 Nf6 2. c4 e6 3. Nc3 Bb4 4. Qc2 0-0 5. a3 Bxc3+ 6. Qxc3 b6 7. Nf3 Bb7 8. e3 d6 9. Be2 Nbd7 10. 0-0 Ne4 11. Qc2 f5 12. b4 Ndf6 13. Bb2 Qe8 14. c5 Bd5 15. Bc4 Bxc4 16. Qxc4 b5 17. Qd3 a5 18. a4 axb4 19. axb5 Rb8 20. Ra5 Nd5 21. Qc4 g5 22. Rd1 Qh5 23. Rda1 g4 24. Ne1 f4 25. exf4 Nxf4 26. Qc2 g3 27. Nf3 gxf2+ 28. Kh1 Ng3# 0-1

[Event "CZE-chT1W 1011"]
[Site "Czech Republic"]
[Date "2010.12.12"]
[Round "5.5"]
[White "Tuma, Jakub"]
[Black "Blazek, Jiri"]
[Result "1/2-1/2"]
[WhiteElo "2305"]
[BlackElo "2239"]
[PlyCount "137"]
[EventDate "2010.10.10"]
[EventType "team-tourn"]
[EventRounds "11"]
[EventCountry "CZE"]
[SourceTitle "EXT 2012"]
[Source "ChessBase"]
[SourceDate "2011.11.24"]
[SourceVersion "1"]
[SourceVersionDate "2011.11.24"]
[SourceQuality "1"]
[WhiteTeam "Praha Holdia II"]
[BlackTeam "Ceske Budejovice"]
[WhiteTeamCountry "CZE"]
[BlackTeamCountry "CZE"]

1. e4 c5 2. Nf3 d6 3. d4 cxd4 4. Nxd4 Nf6 5. Nc3 a6 6. Qf3 e6 7. Be3 Qc7 8. 0-0-0 Nbd7 9. Qg3 Nc5 10. f3 Bd7 11. Nb3 Na4 12. Nxa4 Bxa4 13. Bd4 Rc8 14. Bd3 Nd7 15. Kb1 Ne5 16. Bc3 b5 17. f4 Nc4 18. Bxc4 Qxc4 19. Rd4 Qc7 20. Rhd1 h5 21. Qd3 Rh6 22. Bb4 Bxb3 23. axb3 e5 24. fxe5 dxe5 25. Rd7 Qb6 26. Qd5 Rf6 27. Rb7 Qc6 28. Ba5 Bd6 29. Rb6 Qxd5 30. exd5 Rg6 31. Rxa6 e4 32. g3 h4 33. gxh4 f5 34. Bd2 Kd7 35. Rf1 Rf6 36. Bg5 Rff8 37. Ra7+ Rc7 38. Rxc7+ Bxc7 39. c4 f4 40. Kc2 Be5 41. c5 b4 42. Kd2 Rf5 43. c6+ Kc7 44. Ke2 Bd6 45. Rd1 Bc5 46. d6+ Bxd6 47. Rd4 f3+ 48. Kf1 Kxc6 49. Rxe4 Kd5 50. Rc4 Bc5 51. Rf4 Rxf4 52. Bxf4 Ke4 53. Bc7 g6 54. Bd8 Kd3 55. Ba5 Ke4 56. Bc7 Kf5 57. h3 Ke4 58. Bd8 Kd3 59. Ba5 Be7 60. Kf2 Ke4 61. Kf1 Bd6 62. Bb6 Kf4 63. Bf2 Be5 64. Be1 Bd6 65. Bf2 Ke4 66. Bb6 Be7 67. Ba5 Kd3 68. Kf2 Ke4 69. Kf1 1/2-1/2

[Event "CZE-chT1W 1011"]
[Site "Czech Republic"]
[Date "2010.11.28"]
[Round "4.5"]
[White "Blazek, Jiri"]
[Black "Znamenacek, Kvetoslav"]
[Result "1-0"]
[WhiteElo "2239"]
[BlackElo "2306"]
[PlyCount "95"]
[EventDate "2010.10.10"]
[EventType "team-tourn"]
[EventRounds "11"]
[EventCountry "CZE"]
[SourceTitle "EXT 2012"]
[Source "ChessBase"]
[SourceDate "2011.11.24"]
[SourceVersion "1"]
[SourceVersionDate "2011.11.24"]
[SourceQuality "1"]
[WhiteTeam "Ceske Budejovice"]
[BlackTeam "Praha Bohemians"]
[WhiteTeamCountry "CZE"]
[BlackTeamCountry "CZE"]

1. d4 Nf6 2. c4 g6 3. Nc3 Bg7 4. e4 d6 5. h3 0-0 6. Nf3 a6 7. Be2 c6 8. 0-0 b5 9. Qc2 Nfd7 10. Be3 b4 11. Na4 e5 12. c5 exd4 13. Bxd4 Bxd4 14. Nxd4 Qf6 15. Rfd1 dxc5 16. Nxc5 Re8 17. Rac1 a5 18. a3 bxa3 19. bxa3 Kg7 20. Nxd7 Bxd7 21. Bf3 a4 22. Qc3 Qe5 23. Be2 Kg8 24. Bf3 h5 25. Ne2 Ra5 26. Qxe5 Rexe5 27. Nf4 Re8 28. Rd6 Kf8 29. Nd3 Ke7 30. e5 Rxe5 31. Rxg6 Rb5 32. Rh6 Rb3 33. Ne5 Rxa3 34. Nxc6+ Nxc6 35. Bxc6 Rc8 36. Re1+ Be6 37. Bd5 Kd6 38. Bxe6 fxe6 39. Rexe6+ Kd5 40. Ra6 Ra1+ 41. Kh2 a3 42. Ra4 Rc2 43. Rxh5+ Kc6 44. Rha5 a2 45. f3 Kb6 46. h4 Rb2 47. h5 Rb5 48. Rxb5+ 1-0

[Event "CZE-chT1W 1011"]
[Site "Czech Republic"]
[Date "2010.10.10"]
[Round "1.7"]
[White "Blazek, Jiri"]
[Black "Novotny, Jaroslav"]
[Result "1/2-1/2"]
[WhiteElo "2239"]
[BlackElo "2214"]
[PlyCount "38"]
[EventDate "2010.10.10"]
[EventType "team-tourn"]
[EventRounds "11"]
[EventCountry "CZE"]
[SourceTitle "EXT 2012"]
[Source "ChessBase"]
[SourceDate "2011.11.24"]
[SourceVersion "1"]
[SourceVersionDate "2011.11.24"]
[SourceQuality "1"]
[WhiteTeam "Ceske Budejovice"]
[BlackTeam "Jicin"]
[WhiteTeamCountry "CZE"]
[BlackTeamCountry "CZE"]

1. d4 d5 2. c4 c6 3. Nf3 Nf6 4. Nc3 dxc4 5. a4 Bg4 6. Ne5 Bh5 7. Nxc4 e6 8. a5 Bb4 9. Qb3 Qe7 10. Bg5 Nbd7 11. Ra4 Bxc3+ 12. bxc3 0-0 13. Bf4 b5 14. axb6 Nxb6 15. Bd6 Qd8 16. Nxb6 Qxb6 17. Rb4 Qa5 18. Ra4 Qb6 19. Rb4 Qa5 1/2-1/2

[Event "CZE-chT2A 0910"]
[Site "Czech Republic"]
[Date "2010.03.14"]
[Round "9.3"]
[White "Nguyen, Dinh Phong"]
[Black "Blazek, Jiri"]
[Result "1/2-1/2"]
[WhiteElo "2163"]
[BlackElo "2204"]
[PlyCount "61"]
[EventDate "2009.10.18"]
[EventType "team-tourn"]
[EventRounds "11"]
[EventCountry "CZE"]
[SourceTitle "EXT 2012"]
[Source "ChessBase"]
[SourceDate "2011.11.24"]
[SourceVersion "1"]
[SourceVersionDate "2011.11.24"]
[SourceQuality "1"]
[WhiteTeam "Domazlice"]
[BlackTeam "Tabor"]
[WhiteTeamCountry "CZE"]
[BlackTeamCountry "CZE"]

1. e4 c5 2. Nf3 d6 3. d4 cxd4 4. Nxd4 Nf6 5. Nc3 a6 6. f4 e6 7. Bd3 Be7 8. 0-0 0-0 9. a4 Qc7 10. Kh1 Nbd7 11. Qe2 Re8 12. Bd2 Bf8 13. Rae1 Nc5 14. e5 Nxd3 15. Qxd3 Nd7 16. exd6 Bxd6 17. Ndb5 axb5 18. Nxb5 Qc6 19. Nxd6 Nc5 20. Qb5 Rd8 21. Bb4 Rxd6 22. Bxc5 Rd5 23. Rd1 Rxa4 24. Qxc6 bxc6 25. b4 Ba6 26. Rxd5 cxd5 27. Re1 Ra2 28. c3 Bd3 29. Bd4 h6 30. Kg1 Kh7 31. h3 1/2-1/2

[Event "CZE-chT1W 0910"]
[Site "Czech Republic"]
[Date "2010.02.07"]
[Round "8.7"]
[White "Blazek, Jiri"]
[Black "Bujnoch, Radek"]
[Result "1-0"]
[WhiteElo "2204"]
[BlackElo "2196"]
[PlyCount "97"]
[EventDate "2009.10.11"]
[EventType "team-tourn"]
[EventRounds "11"]
[EventCountry "CZE"]
[SourceTitle "EXT 2011"]
[Source "ChessBase"]
[SourceDate "2010.11.26"]
[SourceVersion "1"]
[SourceVersionDate "2010.11.26"]
[SourceQuality "1"]
[WhiteTeam "Ceske Budejovice"]
[BlackTeam "Chrudim"]
[WhiteTeamCountry "CZE"]
[BlackTeamCountry "CZE"]

1. d4 d5 2. c4 c6 3. Nf3 Nf6 4. Nc3 e6 5. Bg5 Nbd7 6. cxd5 exd5 7. e3 Qa5 8. Nd2 Bd6 9. Bd3 0-0 10. 0-0 Qc7 11. Nf3 a6 12. Qc2 h6 13. Bh4 b6 14. Rac1 Bb7 15. Bf5 g5 16. Bg3 Ne8 17. Nxd5 Qd8 18. Bxd7 cxd5 19. Bxe8 Rxe8 20. Bxd6 Qxd6 21. Qc7 Qxc7 22. Rxc7 Bc8 23. Rc6 Be6 24. h3 Rab8 25. Rfc1 Rec8 26. Ne5 Kf8 27. R1c3 Ke8 28. Kh2 Ke7 29. Rc7+ Ke8 30. R3c6 Rxc7 31. Rxc7 Rc8 32. Rxc8+ Bxc8 33. Kg3 Kf8 34. Ng4 Kg7 35. f4 f6 36. Kf3 Kg6 37. Nf2 f5 38. Nd3 g4+ 39. hxg4 fxg4+ 40. Kg3 Kf5 41. Nf2 h5 42. Kh4 Kg6 43. e4 dxe4 44. Nxe4 Bb7 45. f5+ Kg7 46. Ng3 Kf6 47. Kxh5 Bxg2 48. Kxg4 Bd5 49. a3 1-0